| 000 | 00890nam a2200241 i 4500 | ||
|---|---|---|---|
| 001 | 67866 | ||
| 003 | ES-MaACL | ||
| 005 | 20230906170149.0 | ||
| 007 | t| | ||
| 008 | 040216s1986 sp ||||1| spa d | ||
| 020 | _a84-7433-408-X (Obra Completa) | ||
| 100 | 1 |
_aGallego Anabitarte, Alfredo. _953549 |
|
| 245 | 1 | 3 |
_aEl derecho de aguas en España _b: estudio / _ca cargo de Alfredo Gallego Anabitarte, Angel Menedez Rexach, Jose Manuel Diaz Lema. |
| 260 |
_aMadrid : _bMinisterio de Obras Públicas y Urbanismo, Secretaría General Técnica, _c[1986] |
||
| 300 |
_a2 v. ; _c24 cm. |
||
| 500 | _aEl segundo volumen es un apendice documental. | ||
| 500 | _aEjemplar en estuche. | ||
| 500 | _aIndices. | ||
| 700 | 1 |
_aMenendez Rexach, Angel. _980323 |
|
| 700 | 1 |
_aDíaz Lema, Jose Manuel. _944319 |
|
| 852 |
_aES-MaACL _jL-9801-2 _bR.112092 |
||
| 852 |
_aES-MaACL _jL-11789-90 _bR.113850 |
||
| 999 |
_c67866 _d67866 |
||